000
00299nam a22001337a 4500
008
170619b xxu||||| |||| 00| 0 eng d
020
_a
9781594200335
041
_a
eng
080
_a
94(7/8)
100
_a
16
101
_a
SHH
245
_a
THE UNITED STATES OF EUROPE
_c
REID.T.R
942
_2
udc
_c
BK
999
_c
18129
_d
18129